00521nam a2200169Ia 4500003000400000008004100004040001600045082001800061100002400079245007500103700002200178300001100200490004600211650003000257650002600287650003800313GCL140319s9999 xx 000 0 ara d aGCL / cGCL04a950.42bر ا1 aرومين، جول10aاسيا المعاصرة: اقول العرب / cرومين، جول1 aاحمد عادل a128 ص aكتاب التحرير السياسىv004aالعالم العربى04aاسيا - تاريخ04aالثورة الاشتراكية